Clinical chemistry made easy / (Record no. 13416)
[ view plain ]
| 000 -LEADER | |
|---|---|
| fixed length control field | 01300cam a22003854a 4500 |
| 001 - CONTROL NUMBER | |
| control field | 14829475 |
| 003 - CONTROL NUMBER IDENTIFIER | |
| control field | OSt |
| 005 - DATE AND TIME OF LATEST TRANSACTION | |
| control field | 20140310182435.0 |
| 008 - FIXED-LENGTH DATA ELEMENTS--GENERAL INFORMATION | |
| fixed length control field | 070426s2008 stka 001 0 eng |
| 010 ## - LIBRARY OF CONGRESS CONTROL NUMBER | |
| LC control number | 2007017759 |
| 015 ## - NATIONAL BIBLIOGRAPHY NUMBER | |
| National bibliography number | GBA790646 |
| Source | bnb |
| 016 7# - NATIONAL BIBLIOGRAPHIC AGENCY CONTROL NUMBER | |
| Record control number | 101305638 |
| Source | DNLM |
| 016 7# - NATIONAL BIBLIOGRAPHIC AGENCY CONTROL NUMBER | |
| Record control number | 014276153 |
| Source | Uk |
| 020 ## - INTERNATIONAL STANDARD BOOK NUMBER | |
| International Standard Book Number | 9780443071973 |
| 020 ## - INTERNATIONAL STANDARD BOOK NUMBER | |
| International Standard Book Number | 0443071977 |
| 035 ## - SYSTEM CONTROL NUMBER | |
| System control number | (OCoLC)ocn123962912 |
| 035 ## - SYSTEM CONTROL NUMBER | |
| System control number | (OCoLC)123962912 |
| 040 ## - CATALOGING SOURCE | |
| Original cataloging agency | DNLM/DLC |
| Transcribing agency | DLC |
| Modifying agency | NLM |
| -- | BTCTA |
| -- | UKM |
| -- | YDXCP |
| -- | BAKER |
| -- | BWKUK |
| -- | DLC |
| 042 ## - AUTHENTICATION CODE | |
| Authentication code | pcc |
| 050 00 - LIBRARY OF CONGRESS CALL NUMBER | |
| Classification number | RB 40 |
| Item number | .H893 2008 |
| 100 1# - MAIN ENTRY--PERSONAL NAME | |
| Personal name | Hughes, Jeremy. |
| 9 (RLIN) | 8456 |
| 245 10 - TITLE STATEMENT | |
| Title | Clinical chemistry made easy / |
| Statement of responsibility, etc | Jeremy Hughes, Ashley Jefferson ; foreword by John Iredale. |
| 260 ## - PUBLICATION, DISTRIBUTION, ETC. (IMPRINT) | |
| Place of publication, distribution, etc | Edinburgh ; |
| -- | New York : |
| Name of publisher, distributor, etc | Churchill Livingstone, |
| Date of publication, distribution, etc | c2008. |
| 300 ## - PHYSICAL DESCRIPTION | |
| Extent | x, 204 p. : |
| Other physical details | ill. ; |
| Dimensions | 19 cm. |
| 541 ## - IMMEDIATE SOURCE OF ACQUISITION NOTE | |
| -- | 1 |
| 562 ## - COPY AND VERSION IDENTIFICATION NOTE | |
| Number of copies | 1 |
| 650 #0 - SUBJECT ADDED ENTRY--TOPICAL TERM | |
| Topical term or geographic name as entry element | Clinical chemistry. |
| 9 (RLIN) | 8167 |
| 650 12 - SUBJECT ADDED ENTRY--TOPICAL TERM | |
| Topical term or geographic name as entry element | Clinical Chemistry Tests. |
| 9 (RLIN) | 7765 |
| 700 1# - ADDED ENTRY--PERSONAL NAME | |
| Personal name | Jefferson, J. Ashley |
| Fuller form of name | (Jonathan Ashley) |
| 9 (RLIN) | 8457 |
| 700 1# - ADDED ENTRY--PERSONAL NAME | |
| Personal name | Iredale, John. |
| 9 (RLIN) | 8458 |
| 856 41 - ELECTRONIC LOCATION AND ACCESS | |
| Materials specified | Table of contents only |
| Uniform Resource Identifier | <a href="http://www.loc.gov/catdir/toc/ecip0716/2007017759.html">http://www.loc.gov/catdir/toc/ecip0716/2007017759.html</a> |
| 906 ## - LOCAL DATA ELEMENT F, LDF (RLIN) | |
| a | 7 |
| b | cbc |
| c | orignew |
| d | 1 |
| e | ecip |
| f | 20 |
| g | y-gencatlg |
| 942 ## - ADDED ENTRY ELEMENTS (KOHA) | |
| Source of classification or shelving scheme | Library of Congress Classification |
| Koha item type | |
| Withdrawn status | Lost status | Source of classification or shelving scheme | Damaged status | Home library | Current library | Shelving location | Date acquired | Total Checkouts | Total Renewals | Full call number | Barcode | Date last seen | Date checked out | Copy number | Price effective from | Koha item type |
|---|---|---|---|---|---|---|---|---|---|---|---|---|---|---|---|---|
| Library of Congress Classification | South SEED-LPDH College Library | College Library | South SEED-LPDH College Section | 07/20/2012 | 2 | 1 | RB 40 .H893 2008 | SSLC0263 | 04/20/2017 | 11/10/2015 | 1 | 11/06/2013 | Books |